000 00294pam a2200121 a 4500
020 _c
041 _h
082 _a708
_bGUP
245 _aClick Contemporary Photography in india
_hTextual Documents
260 _a[s.l]:
_bVadhera Art Gallery,
_c2008.
300 _a216:
_bpaper.
930 _a7073
999 _c240863
_d240863